The humble petition of the Lords and Commons assembled in Parliament. : Presented to His Majestie at York, the 17 of June, 1642: with His Majesties answer thereunto.

Bibliographic Details
Corporate Author: England and Wales. Parliament
Format: eBook
Language:English
Published: [Cambridge] : Printed by his Majesties speciall command at Cambridge by Roger Daniel ..., 1642.
Series:Early English books online.
Subjects:
Online Access:Connect to the full text of this electronic book

MARC

Tag First Indicator Second Indicator Subfields
LEADER 00000nam a2200000Ia 4500
001 in00004331713
005 20200812091602.0
006 m g d
007 cr bn |||a|bb|
008 031028s1642 enk o 000 0 eng d
035 |a (OCoLC)53299073 
040 |a EAE  |c EAE  |e dcrb 
037 |a CL0037000122  |b ProQuest Information and Learning. 300 N. Zeeb Rd., Ann Arbor, MI 48106 
043 |a e-uk-en 
090 |a DA410  |b .E54 1642 
049 |a UMIA 
110 1 |a England and Wales.  |b Parliament. 
245 1 4 |a The humble petition of the Lords and Commons assembled in Parliament. :  |b Presented to His Majestie at York, the 17 of June, 1642: with His Majesties answer thereunto. 
260 |a [Cambridge] :  |b Printed by his Majesties speciall command at Cambridge by Roger Daniel ...,  |c 1642. 
300 |a 1 online resource ([2], 14 pages) 
336 |a text  |b txt  |2 rdacontent 
337 |a computer  |b c  |2 rdamedia 
338 |a online resource  |b cr  |2 rdacarrier 
500 |a Initial letters. 
500 |a Reproduction of original in: British Library. 
510 4 |a Wing (2nd edition)  |c E1577B 
533 |a Electronic reproduction.  |b Ann Arbor, Mich. :  |c UMI,  |d 1999-  |f (Early English books online)  |n Digital version of: (Early English Books, 1641-1700 ; 2806:1)  |7 s1999 miun s 
651 0 |a Great Britain  |x Politics and government  |y 1642-1649  |v Sources. 
651 0 |a Great Britain  |x History  |y Civil War, 1642-1649  |v Sources. 
830 0 |a Early English books online. 
856 4 0 |u http://proxy.library.tamu.edu/login?url=https://search.proquest.com/docview/2240888220  |z Connect to the full text of this electronic book  |t 0 
999 f f |s 917e138d-0f6f-30d7-acc7-e7583bc24836  |i 75db2fb0-3a50-32b0-aaff-1487832dc905  |t 0 
952 f f |a Texas A&M University  |b College Station  |c Electronic Resources  |d Available Online  |t 0  |e DA410 .E54 1642  |h Library of Congress classification 
998 f f |a DA410 .E54 1642  |t 0  |l Available Online